French Verbs - Statistics

General Stats
  • This quiz has been taken 13 times
  • The average score is 8 of 25
Answer Stats
Hint Answer % Correct
to bring apporter
67%
to reach atteindre
67%
to belong appartenir
58%
to spend dépenser
50%
to bite mordre
50%
to shake secouer
50%
to burst éclater
42%
to lend prêter
42%
to borrow prêter
42%
to scroll défiler
33%
to turn off éteindre
33%
to require exiger
33%
to tell raconter
33%
to kneel s'agenouiller
33%
to black out s'evanouir
33%
to overcome surmonter
33%
to spoil gâcher
25%
to register s'inscrire
25%
to rip off arnaquer
17%
to despise mépriser
17%
to tear out arracher
8%
to linger attarder
8%
to whisper chochoter
8%
to gather rassembler
8%
to expect s'attendre à
8%
No matching quizzes found
Score Distribution
Percent of People with Each Score
Percentile by Number Answered
Your Score History
You have not taken this quiz